Catalog

Record Details

Catalog Search



The eleventh commandment : church and mission today Cover Image Book Book

The eleventh commandment : church and mission today Peter Cotterell

Cotterell, Peter (Author).

Record details

  • ISBN: 0-85110-705-2
  • Physical Description: 174 p.
  • Edition: 1st ed.
  • Publisher: Leicester, England Inter-Varsity Press 1981

Available copies

  • 1 of 1 copy available at Common Catalog SPOK.

Holds

  • 0 current holds with 1 total copy.
Show All Copies
Location Call Number / Copy Notes Barcode Shelving Location Status Due Date
ETS Library 266 424470004121 Volný výběr Available -

LDR 00681nam a2 00241
00141003
003CZ-PrJAB
00520030724000000.0
008030724s1981 xxu e |||| |eng
009us
020 . ‡a0-85110-705-2
035 . ‡a(CONS)2350
035 . ‡aKPS2950
041 . ‡aeng
08214. ‡a266
100 . ‡7116 ‡aCotterell, Peter
245 . ‡aThe eleventh commandment : ‡bchurch and mission today ‡cPeter Cotterell
250 . ‡a1st ed.
260 . ‡aLeicester, England ‡bInter-Varsity Press ‡c1981
300 . ‡a174 p.
653 . ‡aThe eleventh commandment ‡achurch and mission today
8524 . ‡bETS ‡bETS ‡cVolný výběr ‡j266 ‡gA ‡p424470004121
910 . ‡aABG450
999 . ‡a2350 ‡bAUTOGEN ‡c2350 ‡tbiblio
905 . ‡uadmin
901 . ‡a41003 ‡b ‡c41003 ‡tbiblio ‡sets

Additional Resources